Landen met de Hoogste Gemiddelde Hoogte - Statistieken

Algemene statistieken
  • Deze quiz is 1.708 keer genomen
  • De gemiddelde score is 10 van 20
Antwoordstatistieken
Meter Land % Correct
3265 Nepal
91%
1840 China
86%
3280 Bhutan
74%
1350 Zwitserland
74%
1871 Chili
72%
1555 Peru
71%
1192 Bolivia
63%
1528 Mongolië
62%
1884 Afghanistan
54%
2988 Kirgizië
54%
3186 Tadzjikistan
52%
1996 Andorra
48%
1305 Iran
45%
1792 Armenië
44%
1432 Georgië
44%
1598 Rwanda
29%
1504 Burundi
27%
1330 Ethiopië
25%
2161 Lesotho
24%
1250 Libanon
11%
Geen overeenkomende quizzen gevonden
Scoreverdeling
Procent van Mensen met Elke Score
Percentiel versus Aantal Correcte Antwoorden
Uw Scoregeschiedenis
U heeft deze quiz nog niet genomen